[Event "AUTO-ADV-1623"]
[Site "http://www.queenalice.com/game.php?id=718716"]
[Date "2010.1.23"]
[Round "1"]
[White "mere"]
[Black "fbenevides"]
[Result "1/2-1/2"]
[WhiteElo "1680"]
[BlackElo "1742"]

1. e4 e5 2. Nf3 d6 3. Nc3 Nf6 4. Be2 Nc6 5. d3 h6 6. Bd2 Be7 7. O-O O-O 8. h3 a5
9. Nd5 Nxd5 10. exd5 Na7 11. c4 b6 12. d4 e4 13. Nh2 f5 14. f4 Bf6 15. Bc3 Qe8
16. Re1 Bd7 17. Bh5 Qc8 18. b3 Bh4 19. Rf1 Bg3 20. Be1 Bxh2+ 21. Kxh2 Be8 22.
Bxe8 Qxe8 23. Qe2 e3 24. Rf3 Qe4 25. Qxe3 Qxe3 26. Rxe3 Nc8 27. a4 Ra7 28. Bh4
Kf7 29. c5 bxc5 30. dxc5 dxc5 31. Bf2 Rd8 32. Rd1 Nb6 33. Rc3 Nxd5 34. Rxc5 c6
35. Rxc6 Raa8 36. Rc4 Rab8 37. Rc5 Nf6 38. Rxd8 Rxd8 39. Rc7+ Kg8 40. Bb6 Nd5
41. Rxg7+ Kxg7 42. Bxd8 Nxf4 43. Bxa5 Nd3 44. b4 Nb2 45. Kg3 Nxa4 46. Kf4 Kg6
47. Bd8 Nb2 48. b5 Nd3+ 49. Kf3 Nc5 50. b6 Nb7 51. Bc7 Kg5 52. Bf4+ Kg6 53. g4
fxg4+ 54. hxg4 h5 55. gxh5+ Kxh5 56. Ke4 Nc5+ 57. Kd5 Nb7 58. Kc6 Na5+ 59. Kb5
Nb7 60. Bd2 Kg6 61. Kc6 Nd8+ 62. Kc7 Ne6+ 63. Kc8 Nc5 64. Be3 Na6 65. Kb7 Nb4
66. Bc5 Nd5 67. Ka6 Nxb6 68. Kxb6 Kh7 69. Kb5 1/2-1/2

[Event "AUTO-MASTER-1022"]
[Site "http://www.queenalice.com/game.php?id=718745"]
[Date "2010.1.23"]
[Round "1"]
[White "arvim"]
[Black "mere"]
[Result "0-1"]
[WhiteElo "2140"]
[BlackElo "1782"]

1. d4 d5 2. c4 e6 3. Nc3 Bb4 4. Nf3 Nf6 5. e3 O-O 6. Be2 Nc6 7. O-O h5 8. Bd2
Ne4 9. cxd5 exd5 10. Nxe4 dxe4 11. Ne5 Bxd2 12. Qxd2 Nxe5 0-1

[Event "AUTO-MASTER-1022"]
[Site "http://www.queenalice.com/game.php?id=718746"]
[Date "2010.1.23"]
[Round "1"]
[White "mere"]
[Black "arvim"]
[Result "0-1"]
[WhiteElo "1778"]
[BlackElo "2178"]

1. e4 e6 2. d4 d5 3. Nc3 Nf6 4. e5 Nfd7 5. Nf3 c5 6. Be3 cxd4 7. Bxd4 Nc6 8. Bb5
a6 9. Bxc6 bxc6 10. O-O Be7 11. Qd3 c5 12. Be3 d4 13. Nxd4 cxd4 14. Bxd4 O-O 15.
f4 Bb7 16. f5 Nc5 17. Kh1 Nxd3 18. cxd3 Qxd4 19. Rad1 exf5 20. Rxf5 Bxg2+ 21.
Kxg2 Qg4+ 0-1

[Event "AUTO-MASTER-1022"]
[Site "http://www.queenalice.com/game.php?id=718759"]
[Date "2010.1.23"]
[Round "1"]
[White "szachista92"]
[Black "mere"]
[Result "1-0"]
[WhiteElo "2194"]
[BlackElo "1726"]

1. e4 e5 2. Nf3 Nc6 3. d4 exd4 4. Bc4 h6 5. Nxd4 Nf6 6. Nxc6 dxc6 7. Qxd8+ Kxd8
8. e5 Nd5 9. O-O Be6 10. Bb3 Be7 11. f4 g6 12. Nd2 Bc5+ 13. Kh1 Ne3 14. Re1 Bd5
15. Re2 Nxg2 16. Rxg2 Bxg2+ 17. Kxg2 Rh7 18. Ne4 Be7 19. Be3 h5 20. Rd1+ Ke8 21.
Kf3 Rd8 22. Rg1 h4 23. h3 b6 24. Ng5 Bxg5 25. Rxg5 Rh5 26. Rg1 c5 27. Ke4 c6 28.
c3 a5 29. Bd1 Rh8 30. Bg4 Ke7 31. f5 gxf5+ 32. Bxf5 a4 33. Bg5+ f6 34. Bxf6+ Ke8
35. Bxh8 Rd2 36. Bf6 Rxb2 37. e6 Re2+ 38. Kd3 1-0

[Event "AUTO-MASTER-1022"]
[Site "http://www.queenalice.com/game.php?id=718760"]
[Date "2010.1.23"]
[Round "1"]
[White "mere"]
[Black "szachista92"]
[Result "0-1"]
[WhiteElo "1794"]
[BlackElo "2184"]

1. e4 e5 2. Nf3 Nf6 3. Nc3 Nc6 4. d3 Be7 5. Be2 d6 6. h3 O-O 7. O-O Ne8 8. Ne1
f5 9. f3 f4 10. a3 Bh4 11. Nd5 Qg5 12. g4 fxg3 13. Bxg5 Bxg5 14. Ng2 Bxh3 15.
Kh1 Nf6 16. Nxf6+ Rxf6 17. Rg1 Rh6 18. Qe1 Bf4 19. c3 Be6+ 20. Nh4 Rxh4+ 21. Kg2
Bh3+ 22. Kh1 Bf1# 0-1

[Event "AUTO-MASTER-1022"]
[Site "http://www.queenalice.com/game.php?id=718769"]
[Date "2010.1.23"]
[Round "1"]
[White "mere"]
[Black "Pcchess"]
[Result "1-0"]
[WhiteElo "1763"]
[BlackElo "2034"]

1. e4 c5 2. Nf3 Nc6 3. Bc4 d6 4. Nc3 Nf6 5. d3 Bg4 6. h3 Bh5 7. Be3 a6 8. a3 Ne5
9. Bf4 Bxf3 10. gxf3 Nxc4 11. Rb1 Nb6 12. b3 g6 13. Qd2 Bg7 14. Bh6 O-O 15. Ke2
Nbd7 16. f4 Bxh6 17. Nd5 e5 18. f3 Nxd5 19. exd5 Bxf4 20. Qd1 b5 21. b4 Qb6 22.
c3 cxb4 23. Rxb4 1-0

[Event "AUTO-MASTER-1022"]
[Site "http://www.queenalice.com/game.php?id=718770"]
[Date "2010.1.23"]
[Round "1"]
[White "Pcchess"]
[Black "mere"]
[Result "0-1"]
[WhiteElo "1986"]
[BlackElo "1775"]

1. e4 e5 2. Nf3 Nc6 3. Bc4 Nf6 4. d4 exd4 5. O-O h6 6. e5 Nh7 7. Nxd4 Be7 8.
Nxc6 bxc6 9. Nc3 O-O 10. Bf4 d6 11. Qe2 d5 12. Bd3 f5 13. Rfe1 Be6 14. g3 Bg5
15. Bxg5 Nxg5 16. f3 f4 17. g4 Nh3+ 18. Kh1 Qh4 19. Rf1 h5 20. g5 Qxg5 21. Rae1
Rab8 22. b3 d4 23. Nd1 h4 0-1

[Event "AUTO-OPEN-1592"]
[Site "http://www.queenalice.com/game.php?id=719789"]
[Date "2010.1.25"]
[Round "2"]
[White "Ninho"]
[Black "mere"]
[Result "1-0"]
[WhiteElo "1907"]
[BlackElo "1762"]

1. e4 e5 2. Nf3 Nc6 3. Be2 Nf6 4. d3 Be7 5. O-O h6 6. h3 O-O 7. Nc3 d6 8. Nd5
Be6 9. Nxe7+ Nxe7 10. Nh2 d5 11. Ng4 Nxg4 12. Bxg4 f5 13. exf5 Bxf5 14. Bxf5
Nxf5 15. c3 c5 16. b3 b5 17. a3 a5 18. Bd2 d4 19. c4 bxc4 20. bxc4 Qe7 21. Qe1
a4 22. Rb1 Rab8 23. Qe4 Qh4 24. Rxb8 Rxb8 25. Qxf5 Rf8 26. Qxe5 Rf6 27. Qxc5 Rg6
28. Qc8+ Kh7 29. Qf5 Qe7 30. Bb4 Qg5 31. Qxg5 Rxg5 32. Re1 Rg6 33. Re4 1-0

[Event "AUTO-OPEN-1592"]
[Site "http://www.queenalice.com/game.php?id=719790"]
[Date "2010.1.25"]
[Round "2"]
[White "mere"]
[Black "Ninho"]
[Result "0-1"]
[WhiteElo "1776"]
[BlackElo "1950"]

1. e4 e5 2. Nf3 Nf6 3. Nc3 d6 4. d3 Be7 5. Be2 O-O 6. h3 c5 7. O-O Nc6 8. Bg5
Be6 9. a3 a6 10. Nd2 Nd4 11. f4 exf4 12. Bxf4 b5 13. Nf3 Nxe2+ 14. Qxe2 Qc8 15.
e5 dxe5 16. Bxe5 b4 17. axb4 cxb4 18. Ne4 Nxe4 19. Qxe4 a5 20. b3 f6 21. Bb2 Re8
22. Rac1 Bxh3 23. Qe2 Bc5+ 24. Qf2 Bxf2+ 25. Rxf2 Qg4 26. Kh2 Bxg2 27. Rxg2 Qxf3
28. d4 Re4 0-1

[Event "AUTO-OPEN-1592"]
[Site "http://www.queenalice.com/game.php?id=719797"]
[Date "2010.1.25"]
[Round "2"]
[White "mere"]
[Black "stan1"]
[Result "1-0"]
[WhiteElo "1799"]
[BlackElo "2160"]

1. e4 Nc6 2. Nf3 f5 3. exf5 d5 4. d4 Bxf5 5. a3 Nf6 6. Bd3 Bg4 7. h3 Bxf3 8.
Qxf3 Nxd4 9. Qg3 Qd7 10. Nc3 O-O-O 11. O-O e6 12. Bd2 c5 13. a4 c4 14. Be2 Nxe2+
15. Nxe2 Ne4 16. Qf4 g5 17. Qe3 Bc5 18. Nd4 e5 19. Bc3 Rde8 20. Kh1 Rhf8 21.
Rad1 exd4 22. Bxd4 Nxf2+ 23. Qxf2 1-0

[Event "AUTO-OPEN-1592"]
[Site "http://www.queenalice.com/game.php?id=719798"]
[Date "2010.1.25"]
[Round "2"]
[White "stan1"]
[Black "mere"]
[Result "1-0"]
[WhiteElo "2128"]
[BlackElo "1792"]

1. e4 e5 2. Bc4 Nf6 3. d3 d6 4. Nf3 h6 5. O-O Be7 6. Be3 O-O 7. Nc3 Nc6 8. a3
Bg4 9. h3 Qd7 10. hxg4 Nxg4 11. Nd5 Nxe3 12. Nxe3 Kh7 13. c3 Bg5 14. Nxg5+ hxg5
15. Qh5+ Kg8 16. Kh2 g6 17. Qxg6+ Kh8 18. Qh6+ Kg8 19. Nf5 1-0

[Event "AUTO-OPEN-1643"]
[Site "http://www.queenalice.com/game.php?id=720987"]
[Date "2010.1.26"]
[Round "2"]
[White "mere"]
[Black "Matrick"]
[Result "0-1"]
[WhiteElo "1841"]
[BlackElo "2356"]

1. e4 c5 2. Nf3 d6 3. d4 cxd4 4. Nxd4 Nf6 5. Nc3 a6 6. Be2 e6 7. O-O Be7 8. f4
O-O 9. Be3 Qc7 10. Bd3 b5 11. a3 Bb7 12. e5 dxe5 13. fxe5 Qxe5 14. Qd2 Ng4 15.
Be4 Qxh2# 0-1

[Event "AUTO-OPEN-1643"]
[Site "http://www.queenalice.com/game.php?id=720988"]
[Date "2010.1.26"]
[Round "2"]
[White "Matrick"]
[Black "mere"]
[Result "1-0"]
[WhiteElo "2279"]
[BlackElo "1792"]

1. e4 e5 2. Nf3 Nc6 3. Bb5 d6 4. d4 a6 5. Bxc6+ bxc6 6. dxe5 dxe5 7. Qxd8+ Kxd8
8. Nxe5 Be6 9. Nxc6+ Kc8 10. O-O Nf6 11. f3 h6 12. Be3 Bd7 13. Ne5 Be6 14. Nc3
Kb7 15. Rad1 Bd6 16. Nd3 Be7 17. Bc5 Bd6 18. e5 Bxe5 19. Nxe5 g5 20. f4 g4 21.
f5 Bc8 22. Rf4 Rh7 23. Rb4# 1-0

[Event "AUTO-ADV-1407"]
[Site "http://www.queenalice.com/game.php?id=742706"]
[Date "2010.3.7"]
[Round "2"]
[White "stonkin"]
[Black "mere"]
[Result "0-1"]
[WhiteElo "2018"]
[BlackElo "1750"]

1. e4 e5 2. Nf3 Nc6 3. Bb5 a6 4. Bxc6 bxc6 5. O-O d6 6. d3 Bg4 7. Be3 Nf6 8. Nc3
Be7 9. h3 Bh5 10. d4 O-O 11. dxe5 Bxf3 12. Qxf3 dxe5 13. Rfd1 Bd6 14. Bg5 Be7
15. Rxd8 Raxd8 16. Be3 c5 0-1

[Event "AUTO-ADV-1407"]
[Site "http://www.queenalice.com/game.php?id=742707"]
[Date "2010.3.7"]
[Round "2"]
[White "mere"]
[Black "stonkin"]
[Result "1-0"]
[WhiteElo "1777"]
[BlackElo "1991"]

1. e4 e5 2. Nf3 Nf6 3. Nc3 d6 4. d3 Be7 5. Be2 Nc6 6. O-O O-O 7. Bg5 h6 8. Bxf6
Bxf6 9. a3 Be6 10. Re1 Nd4 11. h3 c6 12. Nh2 Qb6 13. Na4 Qa5 14. b3 c5 15. Nf3
b5 16. Nxd4 1-0

[Event "AUTO-ADV-1407"]
[Site "http://www.queenalice.com/game.php?id=742710"]
[Date "2010.3.7"]
[Round "2"]
[White "gardez2005"]
[Black "mere"]
[Result "1-0"]
[WhiteElo "1981"]
[BlackElo "1718"]

1. d4 d5 2. c4 c6 3. cxd5 cxd5 4. Nc3 Nf6 5. Nf3 e6 6. Bf4 a6 7. e3 Nc6 8. Bd3
Bd6 9. Bxd6 Qxd6 10. Rc1 O-O 11. O-O Ng4 12. Bxh7+ Kxh7 13. Ng5+ Kg8 14. Qxg4 e5
15. Qg3 f6 16. Nf3 Qe6 17. dxe5 Nxe5 18. Nxe5 fxe5 19. Rcd1 Rd8 20. Qf3 b5 21.
b4 Rf8 22. Qxd5 Qxd5 23. Rxd5 Be6 24. Rxe5 Rf6 25. Ne4 Bc4 26. Rd1 Rff8 27. a3
Rae8 28. Rxe8 Rxe8 29. Nc5 Ra8 30. Rd6 a5 31. h4 axb4 32. axb4 Ra1+ 33. Kh2 Rb1
34. Na6 Ra1 35. g4 Ra2 36. Kg3 Kf7 37. Nc7 Rb2 38. Rd4 Rxb4 39. Nxb5 Rxb5 40.
Rxc4 Rb7 41. f4 Re7 42. e4 Rd7 43. f5 Kf6 44. Kf4 Rd1 45. g5+ Kf7 46. Ke5 g6 47.
Rc7+ 1-0

[Event "AUTO-ADV-1407"]
[Site "http://www.queenalice.com/game.php?id=742711"]
[Date "2010.3.7"]
[Round "2"]
[White "mere"]
[Black "gardez2005"]
[Result "0-1"]
[WhiteElo "1704"]
[BlackElo "2034"]

1. e4 c6 2. d4 d5 3. Nc3 dxe4 4. Nxe4 Bf5 5. Ng3 Bg6 6. Nf3 Nd7 7. h4 h6 8. Bd3
Bxd3 9. Qxd3 e6 10. O-O Be7 11. Be3 Bxh4 12. Nh5 Bf6 13. c3 Qa5 14. Nxf6+ Ngxf6
15. Bd2 Qh5 16. Nh2 O-O 17. Qg3 Ne4 18. Qg4 Qxg4 19. Nxg4 Nxd2 20. Rfd1 Nc4 21.
b3 Nd6 22. c4 Ne4 23. Ne5 Rad8 24. a4 Nxe5 25. dxe5 Nc5 26. b4 Nd3 27. c5 Nxb4
28. Rxd8 Rxd8 29. f4 a5 30. g4 Rd4 31. Rf1 Nd5 32. f5 exf5 33. gxf5 Rxa4 34. Rb1
Rb4 35. Re1 a4 36. e6 fxe6 37. fxe6 Kf8 38. Rf1+ Ke7 0-1

[Event "AUTO-ADV-1407"]
[Site "http://www.queenalice.com/game.php?id=742712"]
[Date "2010.3.7"]
[Round "2"]
[White "Tchecmaurice"]
[Black "mere"]
[Result "1-0"]
[WhiteElo "1972"]
[BlackElo "1710"]

1. e4 e5 2. Nf3 Nc6 3. Bc4 h6 4. O-O d6 5. c3 Nf6 6. Re1 Be6 7. Bxe6 fxe6 8. d4
exd4 9. cxd4 Qd7 10. Nc3 Be7 11. Be3 O-O 12. Qd2 d5 13. exd5 exd5 14. Ne5 Nxe5
15. dxe5 Ng4 16. Nxd5 Nxe5 17. Rac1 Rad8 18. Rxc7 Qxd5 19. Qxd5+ Rxd5 20. Rxe7
Nd3 21. Rd1 Rfd8 22. b3 Nb2 23. Rxd5 Rxd5 24. g3 Nd1 25. Bxa7 Rd2 26. a4 Nb2 27.
Rxb7 Nd3 28. b4 Rd1+ 29. Kg2 Ne1+ 30. Kf1 Rb1 31. b5 Nf3+ 32. Kg2 Ng5 33. a5 Ne4
34. Bd4 Nd6 35. Rxg7+ Kf8 36. b6 Rb5 37. Rg6 Ke7 38. Rxh6 Rxa5 39. Rh7+ Nf7 40.
b7 1-0

[Event "AUTO-ADV-1407"]
[Site "http://www.queenalice.com/game.php?id=742713"]
[Date "2010.3.7"]
[Round "2"]
[White "mere"]
[Black "Tchecmaurice"]
[Result "0-1"]
[WhiteElo "1713"]
[BlackElo "1979"]

1. e4 e5 2. Nf3 Nf6 3. Nc3 Bb4 4. d3 d6 5. a3 Bc5 6. h3 Be6 7. Be2 Qd7 8. Be3
Bxe3 9. fxe3 Nc6 10. Qd2 d5 11. O-O O-O-O 12. d4 h6 13. dxe5 Nxe4 14. Qe1 g5 15.
Nd4 Nxd4 16. exd4 g4 17. Nxe4 gxh3 18. Nf6 Qe7 19. g3 h5 20. Bxh5 Rh6 21. Bg4
h2+ 22. Kg2 Rdh8 23. Bxe6+ Qxe6 24. g4 h1=Q+ 25. Rxh1 Rxh1 26. Qxh1 Rxh1 27.
Kxh1 Qc6 28. c3 b5 29. Kg1 a5 30. g5 Qe6 31. Rf1 c6 32. Rf3 Qe7 33. b4 Kb7 34.
bxa5 Ka6 35. Nh7 Kxa5 36. Rf6 Qc7 37. g6 fxg6 38. Rxg6 Qxh7 39. Rxc6 Qb1+ 40.
Kf2 Qb2+ 41. Kf3 Qxa3 42. Rc8 Qe7 43. Ra8+ Kb6 44. Kf4 Kb7 45. Ra5 Kb6 46. Ra8
Qc7 47. Ra3 Qc4 48. e6 b4 49. Ra4 Qxc3 50. e7 Qxd4+ 51. Kf5 Qe4+ 52. Kf6 Qf4+
53. Ke6 Qg4+ 54. Kxd5 Qd7+ 55. Kc4 Qxa4 0-1

[Event "Don_Vito-2"]
[Site "http://www.queenalice.com/game.php?id=809193"]
[Date "2010.7.27"]
[Round "1"]
[White "El_Montes"]
[Black "mere"]
[Result "1-0"]
[WhiteElo "1623"]
[BlackElo "1708"]

1. e4 e5 2. Nf3 Nc6 3. b3 Bc5 4. Bb2 d6 5. d4 exd4 6. Bxd4 Bxd4 7. Nxd4 Nf6 8.
Nc3 O-O 9. Nd5 Nxd5 10. exd5 Nxd4 11. Qxd4 Re8+ 12. Be2 Bg4 13. Qxg4 Qf6 14. O-O
Re5 15. Bf3 h5 16. Qd7 Qd8 17. Qxd8+ Rxd8 18. Rae1 Rde8 19. Re3 f6 20. h4 b5 21.
Rfe1 Rxe3 22. fxe3 Re5 23. a3 a5 24. c4 bxc4 25. bxc4 g6 26. Rb1 Rxe3 27. a4 Ra3
28. Bd1 Rc3 29. Rb5 Rxc4 30. Rxa5 Rc1 31. Ra7 Rxd1+ 32. Kf2 Rxd5 33. Rxc7 Rc5
34. Rxc5 dxc5 35. a5 c4 36. a6 1-0

[Event "AUTO-OPEN-1702"]
[Site "http://www.queenalice.com/game.php?id=838587"]
[Date "2010.9.27"]
[Round "2"]
[White "rpalmero"]
[Black "mere"]
[Result "1-0"]
[WhiteElo "1938"]
[BlackElo "1682"]

1. e4 e5 2. Nf3 Nc6 3. Bc4 d6 4. Nc3 Nf6 5. d3 h6 6. Be3 Be7 7. Qd2 Be6 8. Bb3
a6 9. h3 O-O 10. g4 Nd4 11. Nxd4 exd4 12. Bxd4 c5 13. Be3 b5 14. Bxe6 fxe6 15.
f4 e5 16. fxe5 dxe5 17. g5 hxg5 18. Bxg5 Nh7 19. Bxe7 Qxe7 20. O-O-O Rf3 21.
Rdf1 Rxf1+ 22. Rxf1 Nf6 23. Qg5 Kf7 24. Nd5 Qe6 25. Nc7 Qxa2 26. Rxf6+ gxf6 27.
Qh5+ Ke7 28. Nxa8 Qa1+ 29. Kd2 Qxb2 30. Qh7+ Kf8 31. Nc7 Qb4+ 32. Ke2 Qb2 33.
Ne6+ Ke8 34. Nc7+ Kd8 35. Ne6+ Ke8 36. Kd2 Qb4+ 37. Ke2 c4 38. Nc7+ Kd8 39. Nxa6
cxd3+ 40. cxd3 Qb2+ 41. Kf3 Qc3 42. Qg8+ Ke7 43. Qg7+ Ke6 44. Qg8+ Ke7 45. Qd5
Qc8 46. Qc5+ Qxc5 47. Nxc5 b4 48. Kg4 Kd6 49. Nb3 1-0

[Event "AUTO-OPEN-1702"]
[Site "http://www.queenalice.com/game.php?id=838588"]
[Date "2010.9.27"]
[Round "2"]
[White "mere"]
[Black "rpalmero"]
[Result "0-1"]
[WhiteElo "1687"]
[BlackElo "1965"]

1. e4 c5 2. f4 e6 3. Nc3 a6 4. Nf3 Nc6 5. d3 Qc7 6. Be2 b5 7. a3 Nf6 8. O-O Bb7
9. Bd2 h5 10. Nh4 Nd4 11. e5 Nxe2+ 12. Qxe2 Nd5 13. f5 Be7 14. f6 gxf6 15. Nxd5
Bxd5 16. Bf4 Qc6 17. c4 bxc4 18. Rf2 cxd3 19. Qxd3 f5 20. Nxf5 exf5 21. Qxf5
O-O-O 22. b4 c4 23. Rc1 Kb7 24. Bd2 h4 25. h3 Rdg8 26. Bf4 Rxg2+ 27. Rxg2 Bxg2
28. Qxf7 Bd8 29. Qxc4 Bb6+ 30. Kh2 Qxc4 31. Rxc4 Bd5 32. Rc3 Rg8 33. Rc2 Bg1#
0-1

[Event "AUTO-OPEN-1702"]
[Site "http://www.queenalice.com/game.php?id=838593"]
[Date "2010.9.27"]
[Round "2"]
[White "NickThorp"]
[Black "mere"]
[Result "1-0"]
[WhiteElo "2180"]
[BlackElo "1682"]

1. e4 e5 2. Nf3 Nc6 3. Bb5 a6 4. Bxc6 bxc6 5. Nxe5 Qe7 6. d4 Bb7 7. Nc3 d6 8.
Nf3 h6 9. O-O O-O-O 10. a4 Nf6 11. Re1 Qd7 12. e5 Ng4 13. h3 h5 14. exd6 Bxd6
15. hxg4 hxg4 16. g3 gxf3 17. Qxf3 c5 18. d5 Qh3 19. Qg2 Qh5 20. Be3 c6 21. dxc6
Bxc6 22. Qxc6+ Kb8 23. Qg2 g5 24. Ne4 f6 25. Nxf6 Qg6 26. Ng4 Qf5 27. f3 Be5 28.
c3 Qh7 29. Nxe5 Rd5 30. Bxg5 Qh5 31. f4 Rd2 32. Qxd2 Qh1+ 33. Kf2 Rh2+ 34. Ke3
Qe4+ 35. Kxe4 Rxd2 36. b4 cxb4 37. Nc6+ Kb7 38. Nxb4 1-0

[Event "AUTO-OPEN-1702"]
[Site "http://www.queenalice.com/game.php?id=838594"]
[Date "2010.9.27"]
[Round "2"]
[White "mere"]
[Black "NickThorp"]
[Result "0-1"]
[WhiteElo "1689"]
[BlackElo "2179"]

1. e4 e5 2. Nf3 Nc6 3. Bb5 Nf6 4. Nc3 Bb4 5. d3 O-O 6. O-O Bxc3 7. bxc3 d6 8.
Bb2 Bg4 9. h3 Bh5 10. d4 exd4 11. Bxc6 bxc6 12. Qxd4 c5 13. Qc4 Bxf3 14. gxf3
Qd7 15. Qd3 Qxh3 16. f4 Qg4+ 17. Qg3 Qxg3+ 18. Kh1 Qf3+ 19. Kg1 Qxf4 20. f3 Qg3+
21. Kh1 Rab8 22. Rab1 Rfe8 23. Rg1 Qxf3+ 24. Rg2 Rxe4 25. Kg1 Rbe8 26. Rf1 Qe3+
27. Kh1 Rh4+ 28. Rh2 Rxh2+ 29. Kxh2 Ng4+ 0-1

[Event "Don_Vito-2"]
[Site "http://www.queenalice.com/game.php?id=881165"]
[Date "2011.1.4"]
[Round "3"]
[White "mere"]
[Black "chyco"]
[Result "0-1"]
[WhiteElo "1676"]
[BlackElo "1646"]

1. e4 e5 2. Nf3 d6 3. h3 a6 4. Nc3 Nc6 5. Bc4 Bd7 6. d3 b5 7. Bb3 b4 8. Ng5 Nh6
9. Qf3 Qe7 10. Nd5 Qd8 11. Nxb4 Qe7 12. Nd5 Qd8 13. Ne3 Be6 14. Nxe6 fxe6 15. c3
Qe7 16. Ng4 g5 17. Nf6+ Kd8 18. Bxg5 Nf7 19. Bh4 Bg7 20. Nd5 Qxh4 21. g3 Ng5 22.
Qg2 Qh5 23. Ne3 Nf3+ 24. Kf1 Qf7 25. Ba4 Na5 26. Ke2 Qh5 27. Qxf3 Qxf3+ 28. Kxf3
Rf8+ 29. Ke2 Rb8 0-1